000 00452nam a2200181Ia 4500
001 10985
005 20260306161912.0
008 260306t2002||||xx |||||||||||||| ||spa||
041 _aESP
082 _a985
_bL31
100 _aLavallé, Bernard
_eAUT
245 0 _aAl filo de la navaja:
_bluchas y derivas caciquiles en Latacunga 1730-1790
260 _c2002
300 _a
_c21 cm.
650 _aGEN
654 _aCHU
942 _cLIB
_dJUS
_fJUS
_2ddc
_n
999 _c10985
_d10985